005010000a22001570004500020001800000082001700018100003000035245006000065260003300125300001500158650002400173001000400197942000800201952011700209999001700326 a0-8234-0282-704aGI CC Sh236t1 aSharmat, Marjorie Weinman10aIm terrific / Marjorie Weinman Sharmat, il.: Kay Chorao a[ s.l. ] Weekly Reader Books a3[ 32 p. ]14aLiteratura Infantil696 cLGB 0010304070aBINCObBINCOd2006-03-30l0oGI CC Sh236t pB30359r2016-11-24 00:00:00t1w2016-01-26yLGBB0C3 c47900d47900